| 000 | 00460nam a2200157Ia 4500 | ||
|---|---|---|---|
| 008 | 220216s9999 xx 000 0 und d | ||
| 100 | _aHeinz Michael | ||
| 245 | 2 | _aA Universal method to predict wet traction behaviour of tyre tread compounds in the laboratory | |
| 260 |
_bJournal of Rubber Research _c2010 |
||
| 300 | _a91-102 | ||
| 650 | _aLaboratory | ||
| 650 | _aPrediction | ||
| 650 | _aTyre tread compounds | ||
| 650 | _aWet traction | ||
| 942 | _cJS | ||
| 999 |
_c53676 _d53676 |
||